[Event "GER-ch U12 Girls"]
[Site "Willingen"]
[Date "2019.06.12"]
[Round "6"]
[White "Hengst, Sarah"]
[Black "Scheiding, Sophia"]
[Result "1-0"]
[WhiteElo "958"]
[BlackElo "1133"]
[PlyCount "95"]
[EventDate "2019.06.08"]
[EventType "swiss"]
[EventRounds "9"]
[EventCountry "GER"]
[SourceTitle "CBM 191 Extra"]
[Source "ChessBase"]
[SourceDate "2019.09.30"]
[SourceVersion "1"]
[SourceVersionDate "2019.09.30"]
[SourceQuality "1"]

1. e4 e5 2. Nf3 Nc6 3. Bc4 Bc5 4. c3 Nf6 5. d4 exd4 6. cxd4 Bb4+ 7. Nc3 Nxe4 8. 0-0 Bxc3 9. bxc3 d5 10. Re1 0-0 11. Bd3 Bf5 12. Qc2 Re8 13. c4 Nb4 14. Qb3 Nxd3 15. Qxd3 Nd6 16. Rxe8+ Qxe8 17. Qb3 dxc4 18. Qb2 Qe6 19. Bd2 Qg6 20. Nh4 Qh5 21. Nxf5 Qxf5 22. Re1 Qh5 23. Bf4 Re8 24. Rxe8+ Nxe8 25. h3 h6 26. Qxb7 Qd1+ 27. Kh2 Qxd4 28. Be3 Qe5+ 29. g3 Kh7 30. Qb1+ g6 31. Bf4 Qe2 32. Kg1 Nf6 33. Bxc7 Ne4 34. Qf1 Qxa2 35. Bf4 g5 36. Be3 f5 37. Qg2 Qb1+ 38. Kh2 c3 39. g4 Qb8+ 40. Kg1 Qb1+ 41. Kh2 fxg4 42. hxg4 Nd6 43. Qd5 c2 44. Qxd6 c1Q 45. Qe7+ Kg6 46. Qe6+ Kg7 47. Bd4+ Kh7 48. Qf7# 1-0

[Event "GER-ch U10 Girls"]
[Site "Willingen"]
[Date "2018.05.25"]
[Round "9"]
[White "Hengst, Sarah"]
[Black "Tobias, Franziska Ylvi"]
[Result "1-0"]
[WhiteElo "878"]
[BlackElo "909"]
[PlyCount "49"]
[EventDate "2018.05.19"]
[EventType "swiss"]
[EventRounds "11"]
[EventCountry "GER"]
[SourceTitle "CBM 184 Extra"]
[Source "ChessBase"]
[SourceDate "2018.06.28"]
[SourceVersion "1"]
[SourceVersionDate "2018.06.28"]
[SourceQuality "1"]

1. e4 e5 2. Nf3 Nc6 3. Nc3 Nf6 4. d4 exd4 5. Nxd4 Bb4 6. Nxc6 bxc6 7. Bd3 d5 8. Bg5 0-0 9. Qf3 h6 10. Bh4 Qe7 11. 0-0 c5 12. Nxd5 Qd8 13. Nxf6+ Kh8 14. Bg5 Be6 15. Qh5 gxf6 16. Qxh6+ Kg8 17. Bxf6 Qxf6 18. Qxf6 Rfd8 19. e5 Kf8 20. Bh7 c6 21. c3 Ba5 22. Rfe1 Rab8 23. Re3 Re8 24. Rg3 Rxb2 25. Rg8# 1-0

[Event "GER-ch U10 Girls"]
[Site "Willingen"]
[Date "2018.05.23"]
[Round "7"]
[White "Hengst, Sarah"]
[Black "Chassard, Cecilia"]
[Result "1-0"]
[WhiteElo "878"]
[BlackElo "821"]
[PlyCount "67"]
[EventDate "2018.05.19"]
[EventType "swiss"]
[EventRounds "11"]
[EventCountry "GER"]
[SourceTitle "CBM 184 Extra"]
[Source "ChessBase"]
[SourceDate "2018.06.28"]
[SourceVersion "1"]
[SourceVersionDate "2018.06.28"]
[SourceQuality "1"]

1. e4 e5 2. Nf3 Nc6 3. Nc3 Nf6 4. d4 exd4 5. Nxd4 Be7 6. Nxc6 bxc6 7. Bc4 0-0 8. 0-0 d6 9. Bg5 Be6 10. Bxe6 fxe6 11. Qf3 Nd7 12. Qg4 Bxg5 13. Qxe6+ Kh8 14. Ne2 Rf6 15. Qh3 Rb8 16. Ng3 h6 17. Nf5 Rxb2 18. Rfd1 Rxc2 19. Rd3 g6 20. Nxh6 Bxh6 21. Qxh6+ Kg8 22. Rh3 Kf7 23. Qg5 Qg8 24. Re1 Rfxf2 25. Rg3 Rxa2 26. Rd1 Qg7 27. h3 Qf6 28. Qg4 Ne5 29. Qc8 Qh4 30. Qxc7+ Ke6 31. Qxd6+ Kf7 32. Qxe5 Qf6 33. Qc7+ Kg8 34. Rd8+ 1-0